| 000 | 00314cam a22001097a 4500 | ||
|---|---|---|---|
| 008 | 180718b xxu||||| |||| 00| 0 eng d | ||
| 082 | _aG5x54 In2d | ||
| 245 |
_aDecisions of the chair: an abriged selections, 1921-50 _cby Parliament |
||
| 260 |
_aNew Delhi _bParliament _c |
||
| 300 | _a358+p | ||
| 700 | _aIndia. Parliament | ||
| 999 |
_c397397 _d397397 |
||